Responses for show #8234 - Thursday, June 11, 2020

Contestants

Jennifer Kosmin, a history professor from Lewisburg, Pennsylvania

Iman Shervington, a filmmaker from Los Angeles, California

Zach Newkirk, an attorney from Alexandria, Virginia (whose 2-day cash winnings total $44,600)

Jeopardy! Round responses

AMERICAN LITERATURE
TV CATCHPHRASES BY SHOW
A RIVER RUNS UNDER IT
ACTIONS
SPEAK LOUDER
"THAN" WORDS
    $200 6
Rip Van Winkle

Jennifer
    $200 16
The Simpsons

Iman
    $200 1
the Seine

Zach
    $200 24
(Alex: Less than a minute.)

top it on the other piece

Jennifer
    $200 11
Thanksgiving

Zach
    $400 7
My Antonia

Zach
    $400 17
The Flintstones

Iman
    $400 2
Engineers

Iman
    $400 23
(Iman: What is make the sign of the cross?)

look up (point up to the sky)

ZachIman
    $400 13
thanes

Triple Stumper
    $600 8
The Big Sleep

Zach
    $600 18
The Big Bang Theory

Triple Stumper
    $600 4
the Kremlin

Zach
    $600 21
a dip

Jennifer
    $600 14
(Iman: What is methane?)

ethanol

ZachIman
    $800 9
The Joy Luck Club

Triple Stumper
    $800 19
(Jennifer: What is Star Trek?)
(Iman: What is ALF?)

Mork & Mindy

ImanJennifer
Triple Stumper
    $800 5
(Zach: What are the [*]?)
[Zach's response was ruled incorrect and the decision was reversed after the break.]

the Appalachian Mountains (Blue Ridge Mountains)

ZachJennifer
    $800 22
purl

Triple Stumper
    $800 26
decibels

Jennifer
    $800 15
(Jennifer: What is Thanos?)

Thanatos

Jennifer
Triple Stumper
    $1000 10
(Thomas) Pynchon

Jennifer
    $1000 20
(Alex: And the new series has been on, I found out today, for 10 years.)

Hawaii Five-O

Triple Stumper
    $1000 12
Fleet Street

Jennifer
    $1000 25
palpate

Jennifer
    $1000 27
[The end-of-round signal sounds.]

the diaphragm

Jennifer
    $1000 3
Elizabethan

Zach

Scores at the first commercial break (after clue 15):

Zach Iman Jennifer
$4,400 -$200 $2,200

Scores at the end of the Jeopardy! Round:

Zach Iman Jennifer
$4,800 -$800 $5,000

Double Jeopardy! Round responses

THE FRENCH REVOLUTION
ANIMALS
THE HOUSE OF REPRESENTATIVES
BREAKOUT MOVIE ROLES
PATRON SAINTS
PUN-FORGIVABLE
    $400 4
the Reign of Terror

Iman
    $400 19
an antelope

Triple Stumper
    $400 11
Washington, D.C.

Jennifer
    $400 23
(Alex: Yes, with less than a minute to go now.)

Drew Barrymore

Iman
    $400 9
St. Jude

Jennifer
    $400 30
pork you pine

Zach
    $800 5
a republic

Zach
    $800 20
beavers

Zach
    $800 15
marijuana

Jennifer
    $800 27
(Mark) Wahlberg

Iman
    $800 10
the dragon

Zach
    $800 1
a fire place

Triple Stumper
    $1200 6
Napoleon Bonaparte

Zach
    $1200 3
(Iman: What is a leopard?)

a cheetah

ZachIman
    $1200 16
financial services

Zach
    $1200 26
Sean Penn

Triple Stumper
    $2,000 12
(Jennifer: Who is...)
(Alex: No?)
(Jennifer: Eros?)
(Alex: Oh, you had to think of Sesame Street.)

St. Elmo

Jennifer
    $1200 2
[Laughter]

Boo! meringue

Triple Stumper
    $1600 7
Live free or die

Jennifer
    $1600 21
alpacas

Jennifer
    $5,000 17
the parliamentarian

Zach
    $1600 25
(Ellen) Page

Iman
    $1600 13
St. Raphael

Triple Stumper
    $1600 29
an ark hive

Zach
    $2000 8
tumbrel

Triple Stumper
    $2000 22
Koko

Triple Stumper
    $2000 18
North Carolina

Zach
    $2000 24
Tilda Swinton

Triple Stumper
    $2000 14
Peru

Zach
    $2000 28
sin till late

Triple Stumper

Scores at the end of the Double Jeopardy! Round:

Zach Iman Jennifer
$21,800 $1,200 $7,800
(lock game)

[wagering suggestions for these scores]

Final Jeopardy! Round responses

MEDICAL HISTORY
ImanWho is ?
$1,100
JenniferWho is
$7,800
ZachWho is Bram Stoker?
$726
Julius Caesar

Final scores:

Zach Iman Jennifer
$21,074 $100 $0
3-day champion: $65,674 2nd place: $2,000 3rd place: $1,000

Game dynamics:

Coryat scores:

Zach Iman Jennifer
$18,400 $1,200 $9,800
20 R
(including 1 DD),
0 W
7 R,
4 W
14 R
(including 1 DD),
3 W
(including 1 DD)

Combined Coryat: $29,400

The J! Archive is created by fans, for fans. The Jeopardy! game show and all elements thereof, including but not limited to copyright and trademark thereto, are the property of Jeopardy Productions, Inc. and are protected under law. This website is not affiliated with, sponsored by, or operated by Jeopardy Productions, Inc. Join the discussion at JBoard.tv.